Entry Personal Name
Number of records used in: 1
001 - CONTROL NUMBER
003 - CONTROL NUMBER IDENTIFIER
005 - DATE AND TIME OF LATEST TRANSACTION
- control field:
20231121130915.0
008 - FIXED-LENGTH DATA ELEMENTS
- fixed length control field:
961213n| acannaab |n aaa
010 ## - LIBRARY OF CONGRESS CONTROL NUMBER
- LC control number:
n 96120317
040 ## - CATALOGING SOURCE
- Original cataloging agency:
DLC
- Transcribing agency:
DLC
- Modifying agency:
DLC
100 10 - HEADING--PERSONAL NAME
- Personal name:
Hill, Marquita K.
- Fuller form of name:
(Marquita Kaya)
670 ## - SOURCE DATA FOUND
- Source citation:
Understanding environmental pollution, 1997:
- Information found:
CIP t.p. (Marquita K. Hill University Of Maine, Orono) author sheet (Marquita Kaya Hill)
670 ## - SOURCE DATA FOUND
- Source citation:
Understanding environmental pollution, 2003:
- Information found:
CIP t.p. (Marquita K. Hill; formerly of the Univ. of Maine) data sht. (b. Dec. 18, 1938)